000 01154cam a2200265 4500
008 000000n2001 000 0 eng u
020 _a1859415970
035 _a(Sirsi) u112589
050 _a614.7026
100 _aRostron, Jack
245 _aEnvironment law for the built environment.
260 _aLondon
_bCavendish
_c2001
300 _axlvii, 376p. ; 24cm.
350 _a22.95
520 _aThis book provides an exposition of the relevant law and techniques commonly used to meet the regulatory requirements concerning the built environment. Various aspects of environmental law and technology are covered. Also highlighted is the importance of cross-boundary control, describing the European and international law and enforcement regimes, the agencies involved in town and country planning, procedures at inquiries and enforcement measures as well as looking at future developments.
650 _aENVIRONMENT LAW
650 _aEUROPE
650 _aPLANNING
650 _aWATER POLLUTION
650 _aWASTE
650 _aAIR POLLUTION
650 _aEnvironment
_96238
690 _aENVIRONMENT-ENVIRONMENTAL LAW
942 _n0
999 _c101447
_d101447